000 00436pab a2200169 454500
008 180718b2012 xxu||||| |||| 00| 0 eng d
100 _aDasharath Prasad
245 _aHydroponics: A born for increased agricultural production in climate change area
260 _c2012
300 _ap.38-41.
362 _aMay
650 _aAgricultural production
700 _aAsha Ram
773 _aKurukshetra
908 _aN
909 _a96551
999 _c96551
_d96551